Catálogo público

Estudio de factibilidad técnico-económico para el establecimiento de una planta empacadora de Mango (Mangifera índica) ubicada en Tapachula, Chiapas / (Record no. 175690)

MARC details
000 -CABECERA
campo de control de longitud fija 05497nam a2200493Ia 4500
001 - NÚMERO DE CONTROL
campo de control dia_4893
003 - IDENTIFICADOR DEL NÚMERO DE CONTROL
campo de control CHAP
005 - FECHA Y HORA DE LA ÚLTIMA TRANSACCIÓN
campo de control 20240910180541.0
007 - CAMPO FIJO DE DESCRIPCIÓN FÍSICA--INFORMACIÓN GENERAL
campo de control de longitud fija ta
008 - DATOS DE LONGITUD FIJA--INFORMACIÓN GENERAL
campo de control de longitud fija 220117s2012 mx do frm 001 0 spa d
010 ## - NÚMERO DE CONTROL DE LA BIBLIOTECA DEL CONGRESO
Número de control de LC 175690
040 ## - FUENTE DE LA CATALOGACIÓN
Centro/agencia transcriptor CHAP
Centro catalogador/agencia de origen mxchpua
Normas de descripción rda
041 0# - CÓDIGO DE LENGUA
Código de lengua del texto/banda sonora o título independiente spa
Código de lengua del sumario o resumen eng
090 ## - LOCALMENTE ASIGNADO TIPO-LC NÚMERO DE CLASIFICACIÓN (OCLC); NÚMERO DE CLASIFICACIÓN LOCAL (RLIN)
Número de clasificación (OCLC) (R) ; Numero de clasificación, CALL (RLIN) (NR) Tesis
Número cutter local (OCLC) ; Número de libro/Signatura topográfica íntegra, CALL (RLIN) A45
año 2012
100 1# - ENTRADA PRINCIPAL--NOMBRE DE PERSONA
Nombre de persona Almengor Gandara, José Roberto
240 10 - TÍTULO UNIFORME
Título uniforme Technical economic analysis for the establishment of a packing plant mango (Mangifera indica) located in Tapachula, Chiapas.
Lenguaje de la obra Español
245 10 - MENCIÓN DE TÍTULO
Título Estudio de factibilidad técnico-económico para el establecimiento de una planta empacadora de Mango (Mangifera índica) ubicada en Tapachula, Chiapas /
Mención de responsabilidad, etc. José Roberto Almengor Gandara y Francisco Javier Roque Guzmán
264 ## - PRODUCCIÓN, PUBLICACIÓN, DISTRIBUCIÓN, FABRICACIÓN Y COPYRIGHT
Producción, publicación, distribución, fabricación y copyright Chapingo, México :
Nombre del de productor, editor, distribuidor, fabricante El autor,
Fecha de producción, publicación, distribución, fabricación o copyright 2012
300 ## - DESCRIPCIÓN FÍSICA
Extensión x, 96 hojas :
Otras características físicas gráficas, diagramas, tablas, fotos +
Material acompañante/anejo 1 CD-ROM
336 ## - TIPO DE CONTENIDO
Fuente rdacontent
Término de tipo de contenido texto
Código de tipo de contenido txt
337 ## - TIPO DE MEDIO
Fuente rdamedia
Nombre/término del tipo de medio no mediado
Código del tipo de medio n
338 ## - TIPO DE SOPORTE
Fuente rdacarrier
Nombre/término del tipo de soporte volumen
Código del tipo de soporte nc
500 ## - NOTA GENERAL
Nota general El CD contiene reporte, artículo y diagramas
502 ## - NOTA DE TESIS
Nota de tesis Tesis
Tipo de título (Ingeniero Agroindustrial) --
Nombre de la institución que otorga el título UACh. Departamento de Ingeniería Agroindustrial,
Año de obtención del título 2012
504 ## - NOTA DE BIBLIOGRAFÍA, ETC.
Nota de bibliografía, etc. Bibliografía: hojas 97-99
520 3# - SUMARIO, ETC.
Sumario, etc. El sector agropecuario en México y particularmente el del estado de Chiapas ha sido uno de los más abandonados en los últimos años, pues el apoyo gubernamental ha sido deficiente para elevar la producción y productividad de esta actividad económica, llevando a un atraso en la producción y disminución en la participación mundial de exportaciones de mango. Sin embargo, la exportación de mango proveniente de Chiapas, especialmente el Mango Ataulfo del Soconusco, representan una gran área de oportunidad, que a través del presente proyecto tiene el potencial de mejorar las condiciones de producción, aumentando con ello el nivel de competencia en el mercado internacional. Las condiciones del mercado internacional permiten incursionar en el mercado sin grandes complicaciones, puesto que los precios de productos orgánicos son buenos y su demanda se encuentra en aumento, además de que el consumo per cápita estimado de mango en el mercado estadounidense es de alrededor de 0.91278 kg. (2 libras). La metodología utilizada fue la propuesta por Ponce, (2006), complementada con la propuesta por FIRA, (1993), y Santoyo, (1999), la cual comprende los siguientes aspectos: diagnóstico de la zona, estudio de mercado y materia prima, organización social y administrativa, estudio técnico de ingeniería, análisis y evaluación financiera e impacto ambiental y dictamen. El final del análisis fue la determinación de la viabilidad tanto técnica como económica, además del impacto ambiental que traería el establecimiento de una planta empacadora de mango en Tapachula, Chiapas. Bajo las condiciones establecidas para este proyecto se concluyó que es viable económicamente porque se obtuvo una Tasa Interna de Retorno (TIR) de 20.4 % con un Valor Actual Neto (VAN) de $ 2, 079, 927.00 y una Relación Beneficio Costo (B/C) de 1.07.
520 3# - SUMARIO, ETC.
Sumario, etc. The agricultural sector in Mexico, particularly the state of Chiapas has been one of the most neglected, in recent years because government support has been poor to raise production and productivity of the sector, leading a delay in the production a decrease in the global share of exports of mango. However, the export of mango from Chiapas, especially the Soconusco Ataulfo Mango, represents a major area of opportunity, that through this project has the potential to improve the conditions of production, thereby increasing the level of competition in the international market. The International market conditions allow inroads into the market without major complications, since the prices of organic products are good and demand is increasing, in addition to the estimated per capita consumption of mango in the U.S. market is about 0.91278 kg. (2 pounds). The methodology used was the one proposed by Ponce (2006), supplemented with the proposal by FIRA (1993), and Santoyo (1999), which includes the following: diagnosis of the area, market research and raw material, social and administrative organization, engineering technical study, analysis and financial evaluation, environmental impact assessment and advices. The end of the analysis was to determine the technical and economic feasibility, environmental impact also would establish a mango packing plant in Tapachula, Chiapas. Under the established conditions for this project was concluded that is economically viable because it was obtained an Internal Rate of Return (IRR) of 20.4% with a Net Present Value (NPV) of $ 2, 079, 927.00 and a Benefit Cost Ratio (B / C) of 1.07.
650 13 - PUNTO DE ACCESO ADICIONAL DE MATERIA--TÉRMINO DE MATERIA
Término de materia o nombre geográfico como elemento de entrada Mangos
Subdivisión general Producción
Fuente del encabezamiento o término atg
650 13 - PUNTO DE ACCESO ADICIONAL DE MATERIA--TÉRMINO DE MATERIA
Término de materia o nombre geográfico como elemento de entrada Envasado de alimentos
Fuente del encabezamiento o término atg
650 13 - PUNTO DE ACCESO ADICIONAL DE MATERIA--TÉRMINO DE MATERIA
Término de materia o nombre geográfico como elemento de entrada Iniciativa empresarial
Subdivisión geográfica México
Fuente del encabezamiento o término atg
650 13 - PUNTO DE ACCESO ADICIONAL DE MATERIA--TÉRMINO DE MATERIA
Término de materia o nombre geográfico como elemento de entrada Entrepreneurship
Subdivisión geográfica Mexico
Fuente del encabezamiento o término atg
650 13 - PUNTO DE ACCESO ADICIONAL DE MATERIA--TÉRMINO DE MATERIA
Término de materia o nombre geográfico como elemento de entrada Food packing
Fuente del encabezamiento o término atg
650 13 - PUNTO DE ACCESO ADICIONAL DE MATERIA--TÉRMINO DE MATERIA
Término de materia o nombre geográfico como elemento de entrada Mangoes
Fuente del encabezamiento o término atg
700 1# - PUNTO DE ACCESO ADICIONAL--NOMBRE DE PERSONA
Nombre de persona Roque Guzmán, Francisco Javier
Término indicativo de función/relación autor
700 1# - PUNTO DE ACCESO ADICIONAL--NOMBRE DE PERSONA
Nombre de persona García Chávez, Luis Ramiro
Término indicativo de función/relación director
700 1# - PUNTO DE ACCESO ADICIONAL--NOMBRE DE PERSONA
Nombre de persona Szymanski Duque, Rosa Guadalupe
Término indicativo de función/relación asesora
700 1# - PUNTO DE ACCESO ADICIONAL--NOMBRE DE PERSONA
Nombre de persona Mena Nevárez, Gustavo
Término indicativo de función/relación asesor
856 41 - LOCALIZACIÓN Y ACCESO ELECTRÓNICOS
Identificador Uniforme del Recurso <a href="http://10.13.5.2/tesis/115469.pdf">http://10.13.5.2/tesis/115469.pdf</a>
Texto de enlace DESCARGAR PDF
901 ## - ELEMENTOS DE DATOS A LOCAL LDA (RLIN)
a TESIS A45 2012
942 ## - ELEMENTOS DE PUNTO DE ACCESO ADICIONAL (KOHA)
Tipo de ítem Koha TESIS
Fuente del sistema de clasificación o colocación Clasificación Universidad Autónoma Chapingo
902 ## - ELEMENTOS DE DATOS B LOCAL, LDB (RLIN)
a M
905 ## - ELEMENTOS DE DATOS E LOCAL, LDE (RLIN)
a 5232272012 mx aml 8223223322spa16
Holdings
Estado de retiro Estado de pérdida Fuente del sistema de clasificación o colocación Estado dañado Restricciones de uso No para préstamo Código de colección Localización permanente Ubicación/localización actual Fecha de adquisición Fuente de adquisición Total de préstamos Signatura topográfica completa Código de barras Fecha visto por última vez Fecha del último préstamo Número de copia Precio válido a partir de Tipo de ítem Koha Ubicación en estantería
    Clasificación Universidad Autónoma de Chapingo   Préstamo 5 días   Tesis Ingenieria Agroindustrial Ingenieria Agroindustrial 18/01/2022 El autor 1 Tesis A45 2012 1101006712 18/09/2024 18/09/2024 Ej. 3 18/01/2022 CD  
    Clasificación Universidad Autónoma de Chapingo   Préstamo interno   Tesis Ingenieria Agroindustrial Ingenieria Agroindustrial 18/01/2022 El autor   Tesis A45 2012 1101006710 02/02/2026   Ej. 1 18/01/2022 Tesis  
    Clasificación Universidad Autónoma de Chapingo   Préstamo interno   Tesis Ingenieria Agroindustrial Ingenieria Agroindustrial 18/01/2022 El autor   Tesis A45 2012 1101006711 18/01/2022   Ej. 2 18/01/2022 CD  
    Clasificación Universidad Autónoma de Chapingo       Tesis digitales de Licenciatura Ingenieria Agroindustrial Ingenieria Agroindustrial 10/09/2024 El autor     1201006710 10/09/2024     10/09/2024 Tesis digital En línea